000 00439 a2200157 4500
999 _c29814
_d29814
003 NUST
005 20180118123227.0
008 180118b xxu||||| |||| 00| 0 eng d
020 _a3540706976
020 _a9783540706977
082 _a620.00151825
100 1 _aKattan, Peter I.
_98728
245 1 0 _aMatlab guide to finite elements :
_ban interactive approach /
_cPeter I. Kattan.
250 _a2nd ed.
260 _a[S.l.] :
_bSpringer,
_c2007.
300 _a442 p. ;
_c25 cm.
942 _aSNS
_cBK
_k620.00151825 KAT
_2ddc